Candy Picture Quiz - Statistics

General Stats
  • This quiz has been taken 150 times
    148 since last reset
  • The average score is 11 of 15
Answer Stats
Picture Answer % Correct
Skittles
97%
M&M's
96%
Candy Corn
90%
Sour Patch Kids
88%
Reese's
84%
Starburst
83%
Kit Kat
82%
Nerds
82%
Twizzlers
70%
Snickers
64%
Almond Joy
59%
Tootsie Roll
59%
Hot Tamales
47%
Dum-Dums
35%
Airheads
33%
No matching quizzes found
Score Distribution
Percent of People with Each Score
Percentile by Number Answered
Your Score History
You have not taken this quiz since the last reset